[Event "Hamburg-ch Seniors op 16th"]
[Site "Hamburg"]
[Date "2009.11.02"]
[Round "3"]
[White "Berking, Bernhard"]
[Black "Soerens, Meno"]
[Result "1-0"]
[WhiteElo "1541"]
[BlackElo "1479"]
[PlyCount "55"]
[EventDate "2009.10.31"]
[EventType "swiss"]
[EventRounds "9"]
[EventCountry "GER"]
[SourceTitle "EXT 2022"]
[Source "ChessBase"]
[SourceDate "2021.10.06"]
[SourceVersion "1"]
[SourceVersionDate "2021.10.06"]
[SourceQuality "1"]

1. e4 e5 2. Nf3 Nc6 3. d4 exd4 4. c3 d5 5. exd5 Qxd5 6. cxd4 Bg4 7. Nc3 Bb4 8. Bd2 Bxc3 9. Bxc3 Bxf3 10. gxf3 0-0-0 11. Rg1 Nxd4 12. Bxd4 Qxd4 13. Qxd4 Rxd4 14. Rxg7 Nh6 15. Bh3+ Kb8 16. b3 Rh4 17. Bg2 Rd4 18. Rc1 a6 19. Ke2 Rd7 20. Bh3 Re7+ 21. Kf1 Re5 22. Rd1 Rh5 23. Kg2 f6 24. Rdd7 Rg5+ 25. Kf1 Rxg7 26. Rxg7 Rd8 27. Rxh7 Ng8 28. Rh8 1-0

[Event "Hamburger Liga Aufstieg"]
[Site "Hamburg"]
[Date "2007.08.25"]
[Round "4.17"]
[White "Soerens, Meno"]
[Black "Hotze, Kurt"]
[Result "1/2-1/2"]
[WhiteElo "1488"]
[BlackElo "1664"]
[PlyCount "42"]
[EventDate "2007.08.13"]
[EventType "swiss"]
[EventRounds "7"]
[EventCountry "GER"]
[SourceTitle "EXT 2022"]
[Source "ChessBase"]
[SourceDate "2021.10.06"]
[SourceVersion "1"]
[SourceVersionDate "2021.10.06"]
[SourceQuality "1"]

1. e4 c5 2. Nf3 e6 3. d4 cxd4 4. Nxd4 Nf6 5. Nc3 Nc6 6. Ndb5 d6 7. Bf4 e5 8. Bg5 a6 9. Bxf6 gxf6 10. Na3 b5 11. Nd5 f5 12. Bd3 f4 13. c3 h5 14. h4 Be6 15. Qb3 Bd7 16. Nc2 Na5 17. Qa3 Nc4 18. Bxc4 bxc4 19. Qb4 Rb8 20. Qxc4 Rxb2 21. Nc7+ Ke7 1/2-1/2

[Event "Hamburger Liga Aufstieg"]
[Site "Hamburg"]
[Date "2007.08.18"]
[Round "2.16"]
[White "Opasiak, Dustin Tennessee"]
[Black "Soerens, Meno"]
[Result "1-0"]
[WhiteElo "1770"]
[BlackElo "1488"]
[PlyCount "75"]
[EventDate "2007.08.13"]
[EventType "swiss"]
[EventRounds "7"]
[EventCountry "GER"]
[SourceTitle "EXT 2022"]
[Source "ChessBase"]
[SourceDate "2021.10.06"]
[SourceVersion "1"]
[SourceVersionDate "2021.10.06"]
[SourceQuality "1"]

1. Nf3 Nc6 2. g3 e5 3. e4 d6 4. Bg2 Bg4 5. 0-0 Qf6 6. d3 Bxf3 7. Qxf3 Nd4 8. Qd1 Ne7 9. Be3 Nec6 10. c3 Ne6 11. Nd2 Be7 12. b4 a6 13. f4 0-0 14. f5 Ned8 15. g4 h6 16. Nf3 g5 17. d4 Qg7 18. a4 f6 19. d5 Nb8 20. Nd2 c5 21. dxc6 Nbxc6 22. Qb3+ Qf7 23. b5 Qxb3 24. Nxb3 Nb8 25. Rfd1 Nf7 26. Bf1 Nd7 27. Bc4 Rfc8 28. Nd2 Rc7 29. bxa6 bxa6 30. Bd5 Rb8 31. c4 Nb6 32. Rab1 Nd7 33. Rb3 Rxb3 34. Nxb3 Nc5 35. Nxc5 dxc5 36. Rb1 Kg7 37. Rb6 Nd8 38. Rxa6 1-0